Kto ostáva a kto odchádza? Migračné rozhodovanie absolventov Žilinskej univerzity v Žiline

Teoretické východiská skúmanej problematiky. Empirický výskum, týkajúci sa rozhodovania absolventov univerzity o migrácii za prácou. Výsledky dotazníkového prieskumu v dvoch sledovaných obdobiach: absolventi v školskom roku 2010/2011 a 2015/2016.

Guardado en:
Detalles Bibliográficos
Autor principal: Rehák, Štefan, 1974-
Otros Autores: Dudová, Ivana
Formato: Capítulo de libro
Lenguaje:eslovaco
Materias:
Etiquetas: Agregar Etiqueta
Sin Etiquetas, Sea el primero en etiquetar este registro!

MARC

LEADER 00000naa a2200000 4500
001 0241645
005 20240502073933.1
041 0 |a slo 
044 |a SK 
245 1 0 |a Kto ostáva a kto odchádza? Migračné rozhodovanie absolventov Žilinskej univerzity v Žiline  |c Štefan Rehák, Ivana Dudová 
520 |a Teoretické východiská skúmanej problematiky. Empirický výskum, týkajúci sa rozhodovania absolventov univerzity o migrácii za prácou. Výsledky dotazníkového prieskumu v dvoch sledovaných obdobiach: absolventi v školskom roku 2010/2011 a 2015/2016. 
610 2 0 |a migrácia 
610 2 0 |a absolventi 
610 2 0 |a kapitál ľudský 
610 2 0 |a univerzity 
610 2 0 |a práca 
610 2 0 |a výskum 
610 2 0 |a regióny 
100 1 |a Rehák, Štefan, 1974- 
700 1 |a Dudová, Ivana